Championnat de football de Belgique - Statistiques

Statistiques générales
  • Ce quiz a été pris 324 fois
  • Le résultat moyen est 7 sur 10
Statistiques - réponses
Question Réponse % Correct
Quel club a le plus gagné le championnat de Belgique sur les 10 dernières années ? Club de Bruges
95%
Quel club a le plus de titres en championnats de Belgique ? Anderlecht
93%
Comment s'appelle la coupe de Belgique ? Crocky Cup
88%
Comment s'appelle le championnats de Belgique de football ? Jupiler Pro League
86%
Quel club a le plus de titres de Coupes de Belgique ? Club de Bruges
73%
Quel joueurs a été vendu le plus chère en Belgique ? Charles De Ketelaere
60%
Quel est le meilleur marqueur de tous les temps du championnats belge ? Erwin Vandenbergh
52%
Quel joueur a été élu meilleur joueur africain 23/24 en Belgique Kevin Denkey
51%
Qui a marqué le plus de but pendant la saison 23/24 ? Kevin Denkey
44%
Quel joueur a été le plus fort durant son passage en Belgique Noa Lang
19%
Aucun quiz correspondant
Distribution des résultats
% des personnes avec chaque résultat
Percentile par nombre de réponses
Votre historique - résultats
Vous n’avez pas pris ce quiz